000 01672 a2200265 4500
003 Nust
005 20170207152537.0
010 _a 2007003109
020 _a8178083434
020 _a9780132222204
035 _a(OCoLC)ocm80181222
040 _cNust
082 0 0 _a005.133
100 1 _aDeitel,&Deitel
245 1 0 _aJava : (Include CD)
_bhow to program /
_cP.J.Deitel, H.M.Deitel.
250 _a3rd ed.
260 _aUpper Saddle River, N.J. :
_bPearson Prentice Hall,
_cc2007.
300 _axliv,1355 p. :
_bill. ;
_c24 cm +
_e1 CD-ROM (4 3/4 in.).
440 0 _aHow to program series
505 _aIntroduction to Computers, the Internet and the Web(Page-1), Introduction to Java Applications (Page-35), Introduction to Java Applets (Page-76), Control Structures: Part 1(Page-112), Control Structures: Part 2 (Page-157), Methods (Page-202), Arrays (Page-268), Object-Based Programming (Page-324), Object-Oriented Programming (Page-384), Strings and Characters (Page-455), Graphics and Java 2D (Page-513), Basic Graphical User Interface Components (Page-556), Advanced Graphical User Interfaces (Page-625), Exception Handling (Page-698), Multithreading (Page-733), Multimedia: Images, Animation, Audio and Video (Page-774), Files and Streams (Page-817), Java Database Connectivity (JDBC) (Page-886), Servlets (Page-935), Remote Method Invocation (RMI) (Page-980), Networking (Page-1002), Data Structures (Page-1051), Java Utilities Package and Bit Manipulation (Page-1101), Collections (Page-1150), Java Beans(Page-1184),
538 _aAlmeria No 5 Shelf No 4
650 0 _aJava (Computer program language)
651 _a(Include CD)
700 1 _aDeitel, Paul J.
942 _2ddc
_cBK
999 _c176957
_d176957